[Event "Warsaw Najdorf Memorial op-B"]
[Site "Warsaw"]
[Date "2021.07.10"]
[Round "1"]
[White "Nozynski, Stanislaw"]
[Black "Rzenca, Jerzy"]
[Result "0-1"]
[WhiteElo "1150"]
[BlackElo "1569"]
[PlyCount "121"]
[EventDate "2021.07.10"]
[EventType "swiss"]
[EventRounds "9"]
[EventCountry "POL"]
[SourceTitle "EXT 2022"]
[Source "ChessBase"]
[SourceDate "2021.10.06"]
[SourceVersion "1"]
[SourceVersionDate "2021.10.06"]
[SourceQuality "1"]

1. d4 d5 2. c4 c6 3. Nf3 Nf6 4. Nc3 dxc4 5. a4 Bf5 6. e3 e6 7. Bxc4 Bb4 8. 0-0 0-0 9. Qe2 Nbd7 10. Bd2 Bg6 11. Rfe1 Bh5 12. e4 e5 13. d5 c5 14. Bd3 Ne8 15. h3 a6 16. g4 Bg6 17. Na2 Bxd2 18. Nxd2 Nd6 19. Nc3 Rc8 20. f4 exf4 21. e5 Nxe5 22. Qxe5 Bxd3 23. Qxf4 c4 24. Nf3 Qb6+ 25. Qd4 Qxd4+ 26. Nxd4 Rfe8 27. Kf2 Ne4+ 28. Kf3 Nxc3 29. bxc3 Kf8 30. Nf5 Bxf5 31. gxf5 Rc5 32. Rxe8+ Kxe8 33. Ke4 Kd7 34. Rb1 b5 35. axb5 Rxb5 36. Ra1 a5 37. Ke5 f6+ 38. Kd4 Kd6 39. Kxc4 Rxd5 40. Rf1 Rc5+ 41. Kb3 Ke5 42. Rg1 Rc7 43. Ra1 Ra7 44. Rf1 a4+ 45. Ka3 Rc7 46. Kxa4 Rxc3 47. Rg1 Rxh3 48. Rxg7 Kxf5 49. Rg2 h5 50. Rf2+ Kg5 51. Rg2+ Kf4 52. Rf2+ Rf3 53. Rh2 Kg4 54. Rg2+ Rg3 55. Rf2 f5 56. Kb4 h4 57. Kc4 h3 58. Kd4 Rg2 59. Rf1 h2 60. Rh1 Kg3 61. Ke3 0-1